| 000 | 00758nam a22002057a 4500 | ||
|---|---|---|---|
| 999 |
_c10792 _d10792 |
||
| 003 | AR-CdUCM | ||
| 008 | 190402b ||||| |||| 00| 0 spa d | ||
| 040 |
_aMUNICIPALIDAD PROVINCIAL DEL CUSCO _cBIBLIOTECA MUNICIPAL DEL CUSCO |
||
| 082 |
_a985.05 / _bH41 / 1950 |
||
| 100 |
_aHeredia, Pedro A. _927820 |
||
| 245 |
_aLa deuda del Perú al mariscal Castilla : _bUna referencia a la batalla de Huaqui / |
||
| 260 |
_aLima : _bLumen, _c1950. |
||
| 300 |
_a33 paginas : _c22 cm. |
||
| 505 | _aContenido : La deuda del Perú al mariscal Castilla -- La obra del estadista -- La ejecución del militar -- La epopeya de su vida ... | ||
| 650 |
_aHistoria _9136 |
||
| 650 |
_aRepublicana _925691 |
||
| 650 |
_aPerú _935 |
||
| 942 |
_2ddc _cLIBROS |
||
| 945 | _arah | ||